000 00747cam a22002653a 4500
001 32551
003 PGUSA
005 20140828083714.0
008 100527s2010||||xxu|||||s|||||000 1 eng d
040 _aPGUSA
_beng
042 _adc
050 4 _aPS
100 1 _aDe Vet, Charles V.
_q(Charles Vincent),
_d1911-1997
245 1 0 _aBig Stupe
_h[electronic resource] /
_cCharles V. De Vet
260 _bProject Gutenberg,
_c2010
506 _aPublic domain in the USA.
516 _aElectronic text
653 _aHuman-alien encounters -- Fiction
653 _aShort stories
653 _aScience fiction
700 1 _aKossin, Sandy
830 0 _aProject Gutenberg
_v32551
856 4 0 _uhttp://www.gutenberg.org/ebooks/32551
942 _cEB
999 _c261806
_d261806